| 000 | 01167cam a22003014a 4500 | ||
|---|---|---|---|
| 001 | 16943261 | ||
| 003 | ARRUPE | ||
| 005 | 20150429133223.0 | ||
| 008 | 110901s2011 dcu b 101 0 eng | ||
| 010 | _a 2011036333 | ||
| 020 | _a9781565182707 (pbk. : alk. paper) | ||
| 040 |
_aDLC _cDLC _dDLC |
||
| 043 | _af------ | ||
| 050 | 0 | 0 |
_aB5300.5 _b.A47 2011 |
| 082 | 0 | 0 |
_a199/.6 _223 |
| 100 |
_aWalmsley, Gerard, _917570 |
||
| 245 | 0 | 0 |
_aAfrican philosophy and the future of Africa / _cedited by Gerard Walmsley. |
| 260 |
_aWashington, D.C. : _bCouncil for Research in Values and Philosophy, _cc2011. |
||
| 300 |
_a212 p. ; _c23 cm. |
||
| 490 | 0 |
_aCultural heritage and contemporary change. Series II, Africa ; _vv. 14 |
|
| 500 | _aProceedings of a conference held in Oct. 2007 at St. Augustine College of South Africa. | ||
| 504 | _aIncludes bibliographical references and index. | ||
| 650 | 0 |
_aPhilosophy, African _vCongresses. _917571 |
|
| 700 | 1 |
_aWalmsley, Gerard, _d1954- _917572 |
|
| 906 |
_a7 _bcbc _corignew _d1 _eecip _f20 _gy-gencatlg |
||
| 942 |
_2lcc _cMONOGRAPH |
||
| 999 |
_c122776 _d122776 |
||